02371nas a2200397 i 4500001000700000003000600007005001700013007000300030008004700033010000900080020001800089022001400107040003700121041000800158110008600166245011100252264014400363300006400507310002300571336002900594337003400623338002900657362001600686500003900702505034100741610008301082700005401165700005001219700004901269700009801318942001501416952017501431952017501606952017501781999001701956323517AGNRD20250716151101.0ta250716e2025 dr a p|ro || ospa || |  a2025 a9789945164435 a2811-5082 cAGNRDaAGNRDeRDAbspadDO-SdBNP aspa 968169aRepública Dominicana. Consejo Nacional de Bioética en Salud (CONABIOS) aMemoria institucional : bCONABIOS 2023-2024 /cConsejo Nacional de Bioética en Salud [y otros cuatros]. aSanto Domingo, República Dominicana :bMinisterio de Salud Pública (MSP). bConsejo Nacional de Bioética en Salud (CONABIOS), c2025. avolumen : bilustraciones, fotografías tablas ; c26 cm.  aMemoria 2023-2024. atextobtxt 2rdacontent  asin mediación bn2rdamedia avolumen bnc2rdacarrier aAño 2025. aEsta Memoria incluye ISBN y ISSN.  aPrólogo, 7.-- Estructura e identidad institucional, 11.-- Sesione del pleno del CONABIOS, 23.-- Gestión administrativa, 27.-- Gestión de monitoreo, 59.-- Gestión de creación y capacitación del Comité de Ética de Investigación, 85.-- Actividades y fortalecimiento institucional, 89.-- Capacitación, 99.-- Anexos, 103. 968170aConsejo Nacional de Bioética en Salud (CONABIOS)xMemorias e informes aFernández R., Aura Celesteecoordinadora928963 aPlácido Montero, Joséecoordinador988373 aAdorno Rivera, Jenny M.ecoordinadora988374 aEspinal Durán, Esmarlin R.ediseño, diagramación, cuidado de edición y portada988375 2ddccISSUE 00102ddc4056708SEaBNPHUbBNPHUd2025-07-16hMemoria 2023-2024l0p2025-6642r2025-07-16te.1w2025-07-16yISSUEzCONABIOS : Consejo Nacional de Bioética en Salud. 00102ddc4056708SEaBNPHUbBNPHUd2025-07-16hMemoria 2023-2024l0p2025-6643r2025-07-16te.2w2025-07-16yISSUEzCONABIOS : Consejo Nacional de Bioética en Salud. 00102ddc4056708SEaBNPHUbBNPHUd2025-07-16hMemoria 2023-2024l0p2025-6644r2025-07-16te.3w2025-07-16yISSUEzCONABIOS : Consejo Nacional de Bioética en Salud. c59565d59565